000 00440nam a2200145Ia 4500
008 100122s9999 xx 000 0 und d
082 _b8018
_a294.5923
100 _aजोशी महादेवशास्त्री
245 _aनवनीत भारत
260 _bएस् आर गाला
_c1941
300 _a50
630 _aनवनीत भारत
730 _aनवनीत भारत
942 _cBOOK
999 _c400444
_d400441